000 00904cam a2200217 4500
008 000000n2000 000 0 eng u
035 _a(Sirsi) u108154
245 _aArchitects urged to go green
260 _c2000
490 _aBuilding Design
_v1 September 2000, 6(1)
520 _aGovernment has produced a guide which sets out a series of arguments architects should use to persuade clients to procure environmentally friendly buildings. "The Guide to Environmentally Smart Buildings" is available free from the Energy Efficiency Best Practice Programme, tel: 0800 585794
590 _aWB
650 _aBUILDINGS
650 _aSUSTAINABLE BUILDINGS
650 _aENVIRONMENTALLY FRIENDLY BUILDINGS
650 _aENERGY EFFICIENCY
650 _aC02 EMISSIONS
650 _aENERGY EFFICIENCY BEST PRACTICE PROGRAMME
690 _aBUILT ENVIRONMENT-SUSTAINABLE CONSTRUCTION
942 _n0
999 _c64596
_d64596